| 000 | 01288nam a2200349 a 4500 | ||
|---|---|---|---|
| 999 |
_c28762 _d28733 |
||
| 001 | 3041421 | ||
| 003 | EG-ScBUE | ||
| 005 | 20200921102445.0 | ||
| 008 | 931101t1993 dcu f b 000 0 eng d | ||
| 020 | _a1878240218 | ||
| 035 | _a(OCoLC)29232025 | ||
| 040 |
_aTClA _beng _erda _cTClA _dDLC _dEG-ScBUE |
||
| 043 | _an-us--- | ||
| 082 | 0 | 4 |
_a378.1110973 _bCRA _222 |
| 245 | 0 | 0 |
_aCracking the wall : _bwomen in higher education administration / _cedited by Patricia Turner Mitchell, Ph.D. |
| 264 | 1 |
_aWashington, DC : _bThe College and University Personnel Association, _c[1993] |
|
| 264 | 4 | _cc1993 | |
| 300 |
_axi, 196 pages ; _c23 cm. |
||
| 336 |
_2rdacontent _atext _btxt |
||
| 337 |
_2rdamedia _aunmediated _bn |
||
| 338 |
_2rdacarrier _avolume _bnc |
||
| 504 | _aIncludes bibliographical references. | ||
| 650 | 7 |
_aWomen college administrators _zUnited States. _2BUEsh |
|
| 650 | 7 |
_aWomen _xEducation (Higher) _zUnited States. _2BUEsh |
|
| 653 |
_bGGEN _cSeptember2020 |
||
| 655 |
_vReading book _934232 |
||
| 700 | 1 |
_aMitchell, Patricia Turner, _eeditor. |
|
| 710 | 2 |
_aCollege and University Personnel Association. _936709 |
|
| 906 |
_a7 _bcbc _ccopycat _d2 _encip _f19 _gy-gencatlg |
||
| 942 |
_2ddc _cBB |
||